LEADER 02043nam 2200373z- 450 001 9910346693803321 005 20210212 035 $a(CKB)4920000000094731 035 $a(oapen)https://directory.doabooks.org/handle/20.500.12854/62928 035 $a(oapen)doab62928 035 $a(EXLCZ)994920000000094731 100 $a20202102d2017 |y 0 101 0 $alit 135 $aurmn|---annan 181 $ctxt$2rdacontent 182 $cc$2rdamedia 183 $acr$2rdacarrier 200 00$aZ?mogus ir gamta : lietuviu? liaudies sakme?s, pasake?c?ios, pasakojimai, paproc?iai : tekstu? rinkinys 210 $cVytautas Magnus University$d2017 215 $a1 online resource (116 p. p.) 311 08$a609-467-309-3 330 $aSenove?s z?mone?s save laike? gamtos dalimi, jaute? priklausomybe? nuo saule?s, lietaus ar ve?jo. Visi gyvu?nai, z?ve?rys ir pauks?c?iai, buvo ju? kaimynai, o tanku?s ir gu?du?s mis?kai - ju? namai. Ta? nuolatini? rys?i? su gamta liudija ilgus amz?ius kurta ir atmintyje is?saugota bet kurios pasaulio tautos kultu?ra. Folkloro ku?riniai atskleidz?ia, jog z?mone?s ne is? karto ir ne lengvai padare? is?vada?, kad reikia taikiai bendrauti su gamta. Nejuc?iomis kyla klausimas: ar nepamirs? tos is?vados dabartiniai z?mone?s, kurie taip atkakliai siekia patogumu? ir uz? juos dosniai atlygina gamtos santaupomis? Rinkinys "Z?mogus ir gamta" skiriamas gamta ir folkloru besidomintiems skaitytojams. Taip siekiama priside?ti prie pagarbos gamtai ir atsakomybe?s uz? jos ateiti? skleidimo. 517 $aĊ½mogus ir gamta 517 $a?mogus ir gamta 606 $aFolk literature, Lithuanian$xHistory and criticism 606 $aFolklore$zLithuania 607 $aLithuania$xSocial life and customs 615 0$aFolk literature, Lithuanian$xHistory and criticism. 615 0$aFolklore 700 $aKerbelyte?$b Bronislava$01372053 906 $aBOOK 912 $a9910346693803321 996 $aZ?mogus ir gamta$93401913 997 $aUNINA LEADER 01857nas 2200517 c 450 001 9910895505603321 005 20260218110901.0 011 $a2725-9757 035 $a(CKB)1000000000759392 035 $a(DE-101)1048226220 035 $a(DE-599)ZDB2760716-1 035 $a(DE-599)2760716-1 035 $a(EXLCZ)991000000000759392 100 $a20140307b19802000 |y | 101 0 $afre 135 $aur||||||||||| 181 $ctxt$2rdacontent 182 $cc$2rdamedia 183 $acr$2rdacarrier 200 00$aChronique d'histoire maritime$elettre d'information semestrielle de la CFHM$fCommission Franc?aise d'Histoire Maritime (CFHM) 210 31$aParis$d1980-2000 215 $aOnline-Ressource 300 $aGesehen am 28.11.2016 311 08$a0243-6671 606 $aSeeschifffahrt$3(DE-588)4054184-8$3https://d-nb.info/gnd/4054184-8$3(DE-101)040541843$2gnd 606 $aGeschichte$3(DE-588)4020517-4$3https://d-nb.info/gnd/4020517-4$3(DE-101)040205177$2gnd 606 $aZeitschrift$3(DE-588)4067488-5$3https://d-nb.info/gnd/4067488-5$3(DE-101)040674886$2gnd 606 $aSeeschifffahrt$3(DE-588)4054184-8$3https://d-nb.info/gnd/4054184-8$3(DE-101)040541843$2gnd 606 $aGeschichte$3(DE-588)4020517-4$3https://d-nb.info/gnd/4020517-4$3(DE-101)040205177$2gnd 606 $aZeitschrift$3(DE-588)4067488-5$3https://d-nb.info/gnd/4067488-5$3(DE-101)040674886$2gnd 607 $aFrankreich$2gnd 608 $aZeitschrift$2gnd-content 615 7$aSeeschifffahrt. 615 7$aGeschichte. 615 7$aZeitschrift. 615 7$aSeeschifffahrt. 615 7$aGeschichte. 615 7$aZeitschrift. 676 $a550 801 0$b0355 801 1$bDE-101 801 2$b9999 906 $aJOURNAL 912 $a9910895505603321 996 $aChronique d'histoire maritime$92835470 997 $aUNINA